banner-ar

الكتابات التاريخية العربية عن الابادة الارمنية / (Record no. 62193)

MARC details
000 -الفاتح
حقل البيانات ثابتة الطول 01033nam a22002297a 4500
005 - وقت وتاريخ اخر تعامل مع التسجيلة
رقم الضبط 20240530110538.0
008 - عناصر البيانات ثابتة الطول - معلومات عامة
حقل البيانات ثابتة الطول 160201s2011 ua g 000 0 ara d
017 ## - رقم الايداع القانونى
رقم الايداع القانونى 2011/16375
المصدر ( الهيئة المختصة) مصر . دار الكتب المصرية
040 ## - مصدر الفهرسة
وكالة الفهرسة الأصلية EG-CaGPL
082 04 - رقم تصنيف ديوى العشرى
رقم الطبعة 21
رقم التصنيف 947.56\
رقم المادة هـ ك
100 1# - المدخل الرئيسى - إسم شخصى
الإسم الشخصى هوفهانيسيان ، نيقولاى .
245 12 - بيان العنوان
العنوان الكتابات التاريخية العربية عن الابادة الارمنية /
بيان المسئوليه,etc تاليف نيقولاى هوفهانيسيان ؛ ترجمة سحر توفيق ؛ مراجعة محمد رفعت الامام ؛ متابعة بيرج ترزيان .
250 ## - بيان الطبعة
بيان الطبعة ط1.
260 ## - PUBLICATION, DISTRIBUTION, ETC. (IMPRINT)
تاريخ النشر أو التوزيع 2011 .
300 ## - الوصف المادى
التعداد 208 ص ؛
أبعاد الوعاء 24 سم .
650 04 - المدخل الاضافى بالموضوع-مصطلح موضوعى
مصطلح موضوعي ابادة الشعوب .
650 04 - المدخل الاضافى بالموضوع-مصطلح موضوعى
مصطلح موضوعي جرائم ضد الانسانية .
700 0# - المدخل الاضافى - اسم شخصى
الإسم الشخصى سحر توفيق
الدور مترجم .
700 0# - المدخل الاضافى - اسم شخصى
الإسم الشخصى محمد رفعت الامام
الدور مراجع .
942 ## - عناصر المدخل الإضافي( كوها)
مصدر التصنيف او مخطط الترفيف Dewey Decimal Classification
Koha [default] item type كتاب
260 ## - PUBLICATION, DISTRIBUTION, ETC. (IMPRINT)
-- القاهرة :
-- جمعية القاهرة الخيرية الارمنية العامة ،
Holdings
حالة التراجع حالة الفقد حالة تلف ليس للاعارة المكان المؤقت الموقع الحالى تاريخ الاكتساب اجمالي اﻻعارات رقم الطلب الباركود تاريخ اخر مشاهدة تاريخ تفعيل السعر نوع وعاء كوها
        مكتبة القاهرة الكبرى مكتبة القاهرة الكبرى 04/17/2016   947.56\ هـ ك 161849 04/17/2016 04/17/2016 كتاب

Powered By

EGPV